000 00374nam a2200133 4500
001 16366
090 _a16366
100 _a20250718 pory50
200 _aTrês séculos no mar
_dNaus e Navetas (1940-1872)
_fComandante António Marques Esparteiro
210 _aLisboa
_c[S.N]
_d1976
215 _a178p.
225 _aColeção Estudos;
_h7)
801 _aPT
_bBMA
_gRPC
990 _cLIVROS